01537nam a2200457 i 450000100060000000300090000600500170001500800390003201500180007102000150008903500230010403500360012703500140016303500210017703500230019803500440022104000280026504100080029304600090030108000200031008000170033008000210034710000400036824501190040826000540052730000260058133600270060733700520063433800280068638000160071438800100073065000320074065000330077265000250080565000100083065100110084065800510085165800370090271000420093985600980098140848KOSZ 00520191010132641.0011026s2002 pl f |000 0 pol aPB 2002/10364 a8373340637 a991017516039705066 a(PL-WaBN)b14736445-48omnis_nlop ab14736445 a(OCoLC)830309160 a(PL)b0000001473644 a(EXLNZ-48OMNIS_NETWORK)9910021557205606 aWA NcWA NdKOSZ 005/HR0 apol k2002 a347.91/.95(438) a347.193(438) a352/354.073(438)1 aBieniek, Gerardd(1941-2011)eAutor10aReprezentacja Skarbu Państwa i jednostek samorządu terytorialnego w postępowaniu cywilnym /cGerard Bieniek. aWarszawa :bWydaw. Prawnicze "LexisNexis",c2002. a121, [3] s. ;c21 cm. 2rdacontentaTekstbtxt 2rdamediaaBez urzadzenia pośredniczącegobn 2rdacarrieraWoluminbnc aKsiążki a2001- 7aPostępowanie cywilne2DBN 7aSamorząd terytorialny2DBN 7aSkarb państwa2DBN 7aPrawo 7aPolska aPolityka, politologia, administracja publiczna aPrawo i wymiar sprawiedliwości2 aWydawnictwo Prawnicze LexisNexis4pbl uhttp://koha.tu.koszalin.pl/cgi-bin/koha/opac-detail.pl?biblionumber=40848yKatalog online BPK